000 00405nam a22001577a 4500
005 20200531103312.0
008 200531b xxu||||| |||| 00| 0 eng d
041 _aeng
082 _a340
100 _aBARE ACT
_95744
245 _aTHE RIGHT OF CHILDREN TO FREE AND COMPULSORY EDUCATION ACT, 2009
260 _aDELHI
_bPROFSSIONAL BOOK PUBLISHERS
300 _a44;p
650 _aLAW
_95701
942 _cBK
999 _c6697
_d6695